00525cam a22001692 4500001001100000005001700011008004100028020002300069040001500092245006300107250001400170260003800184300001700222650005000239650003500289700003100324000000747420151217161138.0080207s xx 000 0 eng d a0421900504 :cKES  aKABUcKABU10aOsborn's concise law dictionary /cedited by Mick Woodley. a10th ed. aLondon :bSweet & Maxwell,c2005. avii, 491 p. 0aLawvDictionarieszGreat Britain.@0000158665 0aLawvDictionaries.@00001586661 aWoodley, Mick.@0000158667